000 00569nam a22001937a 4500
003 OSt
005 20171020202137.0
008 131016b xxu||||| |||| 00| 0 eng d
020 _a9-7881-7534-8950
040 _aLDCLIB
_cLDCLIB
082 _221
_a341.48
_bDHA
100 _aDharmadhikari, D. M.
245 _aHuman Values and Human Rights /
_c D. M. Dharmadhikari
260 _aDelhil :
_bUniversal law publishing Co. pvt ltd.,
_c2010.
300 _axiv, 380 p. ;
_c25 cm.
650 _aHuman rights
650 _aHuman values and human rights
942 _2ddc
_cBK
999 _c5780
_d5780